[Event "6th Prague Challengers"]
[Site "Prague CZE"]
[Date "2024.03.04"]
[Round "6.3"]
[White "Rodshtein, Maxim"]
[Black "Korobov, Anton"]
[Result "1-0"]
[WhiteTitle "GM"]
[BlackTitle "GM"]
[WhiteElo "2590"]
[BlackElo "2666"]
[WhiteFideId "2806851"]
[BlackFideId "14105730"]
[EventDate "2024.02.27"]

1. e4 c5 2. Nf3 d6 3. d4 cxd4 4. Nxd4 Nf6 5. Nc3 a6 6. Be3 e5 7. Nb3 Be6 8. Qd2
Nbd7 9. f3 h5 10. Nd5 Nxd5 11. exd5 Bf5 12. Be2 Rc8 13. c4 b6 14. O-O g6 15. f4
Bg7 16. Rac1 O-O 17. fxe5 Nxe5 18. h3 Re8 19. Nd4 Bd7 20. Bg5 Qc7 21. Kh1 f5 22.
b4 Kh7 23. Bf4 Qd8 24. Nf3 Nf7 25. Bd3 Bf6 26. Qf2 Kg7 27. Be3 Rb8 28. Nd4 Bh4
29. Qd2 Rxe3 30. Qxe3 Bg5 31. Qf2 Bxc1 32. Rxc1 Qf6 33. Nf3 f4 34. Rf1 g5 35.
Bb1 Re8 36. Qc2 g4 37. Qh7+ Kf8 38. hxg4 Bxg4 39. Qg6 Qxg6 40. Bxg6 Re3 41. Nd4
Ne5 42. Rxf4+ Kg7 43. Bf5 Kh6 44. Bxg4 Re1+ 45. Kh2 Nxg4+ 46. Kg3 Rc1 47. Re4
Kg5 48. Ne6+ Kf6 49. c5 bxc5 50. bxc5 dxc5 51. d6 Rd1 52. Nxc5 Rd5 53. Rf4+ Kg6
54. Nb7 Kg5 55. Rf1 h4+ 56. Kh3 Rd2 57. Nc5 Rd5 58. Ne6+ 1-0

[Event "6th Prague Challengers"]
[Site "Prague CZE"]
[Date "2024.03.04"]
[Round "6.4"]
[White "Mishra, Abhimanyu"]
[Black "Vaishali, Rameshbabu"]
[Result "1-0"]
[WhiteTitle "GM"]
[BlackTitle "IM"]
[WhiteElo "2627"]
[BlackElo "2481"]
[WhiteFideId "30920019"]
[BlackFideId "5091756"]
[EventDate "2024.02.27"]

1. e4 c5 2. Nf3 Nc6 3. Bb5 g6 4. O-O Bg7 5. c3 e5 6. d4 cxd4 7. cxd4 exd4 8. Bf4
a6 9. Ba4 Nge7 10. Bd6 b5 11. Bb3 Bb7 12. Re1 Nc8 13. e5 Nxd6 14. exd6+ Kf8 15.
h4 Bf6 16. Nbd2 Na5 17. Ne5 Bxe5 18. Rxe5 Qf6 19. Re7 Nxb3 20. Qxb3 Bc6 21. Rae1
Kg7 22. Rxf7+ Qxf7 23. Re7 Qxe7 24. dxe7 Rhe8 25. Qb4 Kf7 26. Qxd4 Rxe7 27. f3
Rae8 28. Nb3 Re5 29. Qf4+ Rf5 30. Qh6 Rh5 31. Qf4+ Rf5 32. Qd2 Rd5 33. Nd4 Re7
34. b4 h5 35. Kf2 Kg7 36. Qc3 Kh7 37. Ne2 Rf5 38. Qd2 Ree5 39. Nf4 g5 40. Nxh5
gxh4 41. Nf4 Rf6 42. Nh3 Ref5 43. Kg1 Rg6 44. Kh2 Rff6 45. Qe1 Rh6 46. Qe5 Kg7
47. Nf2 Rg6 48. Ng4 Rxg4 49. fxg4 Kf7 50. Kh3 Re6 51. Qh5+ Kg7 52. Qg5+ Kf7 53.
Qxh4 Re3+ 54. g3 Re6 55. Qh7+ Ke8 56. Kh4 Kd8 57. Kh5 Kc7 58. Qf7 Be4 59. g5 Kd6
60. g4 Bb1 61. Qf8+ Kc7 62. Qc5+ Kd8 63. Qf8+ Kc7 64. a3 Be4 65. Qg8 Kd6 66. Qc8
Ke7 67. Qb8 Rc6 68. Qg8 d5 69. Qg7+ Ke8 70. Kh4 Rd6 71. Kg3 Bg6 72. Qc7 Re6 73.
Qc8+ Ke7 74. Qb7+ Kf8 75. Qxd5 Bf7 76. Qd4 Kg8 77. Kf4 Kh7 78. Kf5 Kg8 79. Qd7
Rg6 80. Qd8+ Kg7 81. Qc8 Rd6 82. Qb8 Re6 83. Qa7 Kg8 84. Qd4 Rg6 85. Qe4 Kg7 86.
Qb7 Re6 87. Qh1 Rg6 88. Qc1 Re6 89. Qc3+ Kh7 90. Qc8 Rg6 91. Qf8 Be6+ 92. Ke5
Bc4 93. Kf4 Ba2 94. Kg3 Rg7 95. Kh4 Bf7 96. g6+ Bxg6 97. Qd6 Bf7 98. Qxa6 Bc4
99. a4 Be2 100. g5 Bc4 101. a5 Bd3 102. Qc6 Bc4 103. a6 Rg6 104. Qb7+ Rg7 105.
Qe4+ 1-0

[Event "6th Prague Challengers"]
[Site "Prague CZE"]
[Date "2024.03.04"]
[Round "6.5"]
[White "Finek, Vaclav"]
[Black "Santos Latasa, Jaime"]
[Result "0-1"]
[WhiteTitle "IM"]
[BlackTitle "GM"]
[WhiteElo "2429"]
[BlackElo "2612"]
[WhiteFideId "23718293"]
[BlackFideId "2293307"]
[EventDate "2024.02.27"]

1. d4 Nf6 2. c4 e6 3. Nf3 d5 4. g3 Bb4+ 5. Bd2 Be7 6. Bg2 O-O 7. O-O Nbd7 8. Bc3
b6 9. cxd5 exd5 10. Bd2 Bb7 11. Nc3 Re8 12. Bf4 Nf8 13. e3 Ne6 14. Rc1 Bb4 15.
h4 h6 16. Be5 Ne4 17. h5 c5 18. dxc5 bxc5 19. Qb3 Bc6 20. Nxe4 dxe4 21. Rfd1 Qa5
22. Nh4 Ng5 23. Bc3 Ba4 24. Bxb4 Qa6 25. Bf1 Bxb3 26. Bxa6 Bxd1 27. Bxc5 Bxh5
28. Nf5 Re6 29. Bc4 Rf6 30. Ne7+ Kh8 31. b4 Bg4 32. Kg2 Bh3+ 33. Kg1 Nf3+ 34.
Kh1 Nd2 35. Kg1 Nxc4 36. Rxc4 Ra6 37. Rxe4 Be6 38. Rd4 Rxa2 39. g4 Rc2 40. Bd6
Rd8 41. Nf5 Bxf5 42. gxf5 Rc6 43. Be7 Rxd4 44. exd4 Rc3 45. Kg2 f6 46. f3 Kg8
47. Kg3 h5 48. Kf4 a6 49. Bc5 Kf7 50. Bd6 Ke8 51. Kg3 Rc1 52. Kg2 Kd7 53. Bf8
Rc8 54. Bc5 h4 55. Kh2 Rh8 56. Kh3 Rh5 57. Bf8 Ke8 0-1

[Event "6th Prague Challengers"]
[Site "Prague CZE"]
[Date "2024.03.05"]
[Round "7.1"]
[White "Santos Latasa, Jaime"]
[Black "Gurel, Ediz"]
[Result "1/2-1/2"]
[WhiteTitle "GM"]
[BlackTitle "IM"]
[WhiteElo "2612"]
[BlackElo "2560"]
[WhiteFideId "2293307"]
[BlackFideId "44507356"]
[EventDate "2024.02.27"]

1. c4 c6 2. Nf3 d5 3. e3 Nf6 4. Qc2 e6 5. b3 Bd6 6. Bb2 O-O 7. Be2 Qe7 8. d4 b6
9. O-O Bb7 10. Nbd2 Nbd7 11. Ne5 Rac8 12. Bd3 c5 13. Nxd7 Qxd7 14. Qd1 cxd4 15.
Bxd4 e5 16. Bb2 Bb8 17. Qe2 dxc4 18. Bxc4 Qf5 19. Rac1 Rfd8 20. Rfd1 h5 21. Nf3
Rxd1+ 22. Rxd1 g5 23. Ne1 g4 24. Bd3 Qe6 25. Bc4 Qf5 26. Bd3 Qe6 27. Bc4 Qf5 28.
Bd3 1/2-1/2

[Event "6th Prague Challengers"]
[Site "Prague CZE"]
[Date "2024.03.05"]
[Round "7.2"]
[White "Stalmach, Richard"]
[Black "L'Ami, Erwin"]
[Result "0-1"]
[WhiteTitle "IM"]
[BlackTitle "GM"]
[WhiteElo "2434"]
[BlackElo "2636"]
[WhiteFideId "372048"]
[BlackFideId "1007998"]
[EventDate "2024.02.27"]

1. c4 e6 2. g3 d5 3. Bg2 d4 4. Nf3 c5 5. e3 Nc6 6. d3 Nf6 7. O-O h6 8. exd4 cxd4
9. Bf4 g5 10. Bd2 Nd7 11. Na3 g4 12. Nh4 h5 13. f3 Nde5 14. Qe2 Be7 15. f4 Ng6
16. Nxg6 fxg6 17. Rae1 O-O 18. h3 gxh3 19. Bxh3 e5 20. f5 Bxa3 21. bxa3 Qe8 22.
Bh6 Rxf5 23. Bxf5 Bxf5 24. Rf2 Qf7 25. Ref1 Kh7 26. Bc1 Rf8 27. g4 hxg4 28. Qxg4
Qe6 29. Qh4+ Kg8 30. Rh2 Kf7 31. Qh7+ Ke8 32. Qxb7 Qd7 33. Qa8+ Kf7 34. Rh7+ Ke6
35. Qxf8 Qxh7 36. a4 Qe7 37. Qc8+ Qd7 38. Qg8+ Kd6 39. Ba3+ Kc7 40. Bc5 Qd8 41.
Qh7+ Qd7 42. Qg8 Qd8 43. Qf7+ Qd7 44. Qf8 Qd8 45. Qh6 Qd7 46. Qf8 Qd8 47. Qh6
Kb7 48. Rb1+ Ka6 49. Qh7 Qg5+ 50. Kh1 Qh5+ 51. Qxh5 gxh5 52. Rb3 Na5 53. Rb5
Bxd3 54. Bxa7 Nxc4 55. Bb8 Be4+ 56. Kh2 d3 57. Rb1 d2 0-1

[Event "6th Prague Challengers"]
[Site "Prague CZE"]
[Date "2024.03.05"]
[Round "7.3"]
[White "Korobov, Anton"]
[Black "Finek, Vaclav"]
[Result "1-0"]
[WhiteTitle "GM"]
[BlackTitle "IM"]
[WhiteElo "2666"]
[BlackElo "2429"]
[WhiteFideId "14105730"]
[BlackFideId "23718293"]
[EventDate "2024.02.27"]

1. c4 e5 2. d3 Nf6 3. Nf3 Nc6 4. a3 d5 5. cxd5 Nxd5 6. e3 a5 7. Be2 Bd6 8. O-O
O-O 9. b3 Re8 10. Bb2 Be6 11. Nbd2 f6 12. Qc2 Qd7 13. Ne4 Rad8 14. Nc5 Bxc5 15.
Qxc5 Qf7 16. Nd2 Nb6 17. Qc2 Rd7 18. Rac1 Red8 19. Rfe1 Kh8 20. Ba1 Ne7 21. Qb1
Nbd5 22. g3 Qg6 23. Kh1 Bg4 24. Bf1 Qh5 25. Rc4 Nb6 26. Rc5 Nc6 27. b4 axb4 28.
axb4 Bf5 29. e4 Bh3 30. Be2 Bg4 31. f3 Be6 32. b5 Ne7 33. Rec1 Qh6 34. Nf1 Na8
35. Bc3 c6 36. Ba5 Re8 37. Bd2 Qh5 38. g4 Qf7 39. Ng3 cxb5 40. Rxb5 Nc6 41. Be3
Nd8 42. Nf5 Nc7 43. Rb6 Bxf5 44. gxf5 Na8 45. Rb2 Nc7 46. Rg1 b5 47. Bd1 Nc6 48.
Rbg2 Qf8 49. Qc1 Nd4 50. Bxd4 exd4 51. Qc6 Rde7 52. Bb3 Rb8 53. Rg3 Qd8 54. Rh3
Qf8 55. Qd6 Rd8 56. Qc6 Rb8 57. Qc5 Rd7 58. Rxh7+ Kxh7 59. Rg3 g5 60. fxg6+ Kg7
61. Qh5 Qh8 62. Qf5 Re7 63. Rh3 Qxh3 64. Qxh3 Rh8 65. Qg3 Ne8 66. f4 Rc7 67. Qg4
Re7 68. e5 fxe5 69. fxe5 Rxe5 70. Qxd4 Kf6 71. Bf7 Ng7 72. Qd6+ Kf5 73. Bd5 Re1+
74. Kg2 Re2+ 75. Kg3 Ne6 76. Bxe6+ Rxe6 77. Qd5+ Kf6 78. Qd4+ Re5 79. g7 Re8 80.
Kf4 Kxg7 81. Qxe5+ 1-0

[Event "6th Prague Challengers"]
[Site "Prague CZE"]
[Date "2024.03.05"]
[Round "7.5"]
[White "Vaishali, Rameshbabu"]
[Black "Rodshtein, Maxim"]
[Result "0-1"]
[WhiteTitle "IM"]
[BlackTitle "GM"]
[WhiteElo "2481"]
[BlackElo "2590"]
[WhiteFideId "5091756"]
[BlackFideId "2806851"]
[EventDate "2024.02.27"]

1. e4 c5 2. Nc3 d6 3. Bb5+ Nd7 4. d4 cxd4 5. Qxd4 a6 6. Bxd7+ Bxd7 7. Nge2 e6 8.
O-O Nf6 9. a4 Qc7 10. Bg5 Ng4 11. h3 Ne5 12. f4 h6 13. Bh4 Ng6 14. Bg3 Rc8 15.
Kh1 Qc5 16. Qd2 Be7 17. Rad1 Rd8 18. Bf2 Qc7 19. Bd4 O-O 20. f5 Bg5 21. Qd3 Ne5
22. Qg3 Kh7 23. h4 Bf6 24. Nf4 Bc6 25. fxe6 Qe7 26. Ncd5 Bxd5 27. Nxd5 Qxe6 28.
Rf5 Be7 29. Rdf1 Rc8 30. c3 Bd8 31. Nf4 Qc4 32. Nh5 Rg8 33. Bxe5 dxe5 34. Rxf7
Rc7 35. Rf8 Qxe4 36. R1f7 Bxh4 37. Rxc7 Qb1+ 0-1

[Event "6th Prague Challengers"]
[Site "Prague CZE"]
[Date "2024.03.06"]
[Round "8.2"]
[White "Mishra, Abhimanyu"]
[Black "Stalmach, Richard"]
[Result "1/2-1/2"]
[WhiteTitle "GM"]
[BlackTitle "IM"]
[WhiteElo "2627"]
[BlackElo "2434"]
[WhiteFideId "30920019"]
[BlackFideId "372048"]
[EventDate "2024.02.27"]

1. e4 c5 2. Nf3 d6 3. d4 cxd4 4. Nxd4 Nf6 5. Nc3 a6 6. Be2 e5 7. Nb3 Be6 8. Be3
Nbd7 9. f4 Qc7 10. f5 Bc4 11. Bxc4 Qxc4 12. Qf3 b5 13. a3 h5 14. Nd2 Qc6 15. O-O
Be7 16. Kh1 Bd8 17. Nd5 Qxc2 18. Rfc1 Qxb2 19. Rab1 Qxa3 20. Ra1 Qb2 21. Rab1
Qa3 22. Ra1 Qb2 23. Rab1 Qa3 24. Ra1 1/2-1/2

[Event "6th Prague Challengers"]
[Site "Prague CZE"]
[Date "2024.03.06"]
[Round "8.3"]
[White "Santos Latasa, Jaime"]
[Black "Korobov, Anton"]
[Result "1-0"]
[WhiteTitle "GM"]
[BlackTitle "GM"]
[WhiteElo "2612"]
[BlackElo "2666"]
[WhiteFideId "2293307"]
[BlackFideId "14105730"]
[EventDate "2024.02.27"]

1. e4 e6 2. d4 d5 3. Nc3 Nf6 4. e5 Nfd7 5. f4 c5 6. Nf3 Nc6 7. Be3 a6 8. a3 Be7
9. dxc5 Nxc5 10. b4 Nd7 11. Bd3 b5 12. O-O O-O 13. Nd4 Nxd4 14. Bxd4 Nb8 15. Bf2
f5 16. Ne2 Bd7 17. Nd4 Nc6 18. Nxc6 Bxc6 19. Bd4 Rf7 20. g4 g6 21. gxf5 gxf5 22.
Kf2 Rg7 23. Rg1 Rg6 24. Qh5 Be8 25. Ke3 Bf8 26. c3 Rc8 27. Qh3 Rc6 28. Be2 Qc8
29. Kd2 Rc7 30. Bh5 Rxg1 31. Rxg1+ Rg7 32. Rxg7+ Kxg7 33. Be2 Be7 34. Bf2 Qd8
35. Qg3+ Kf8 36. Qe3 Qc7 37. Qh3 Kg8 38. Bh4 Bf8 39. Qg2+ Qg7 40. Qf2 Qc7 41.
Qg1+ Bg6 42. Bg5 Kf7 43. h4 Ke8 44. h5 Bf7 45. a4 bxa4 46. Qa1 Be7 47. Qxa4+ Kf8
48. Bh6+ Kg8 49. Qxa6 Qd8 50. Qa1 1-0

[Event "6th Prague Challengers"]
[Site "Prague CZE"]
[Date "2024.03.06"]
[Round "8.4"]
[White "Finek, Vaclav"]
[Black "Vaishali, Rameshbabu"]
[Result "1/2-1/2"]
[WhiteTitle "IM"]
[BlackTitle "IM"]
[WhiteElo "2429"]
[BlackElo "2481"]
[WhiteFideId "23718293"]
[BlackFideId "5091756"]
[EventDate "2024.02.27"]

1. d4 Nf6 2. c4 e6 3. g3 d5 4. Nf3 Bb4+ 5. Bd2 Be7 6. Bg2 c6 7. O-O Nbd7 8. Qc2
Ne4 9. Nc3 f5 10. Bf4 g5 11. Be3 h5 12. Nxe4 dxe4 13. Ne5 Nxe5 14. dxe5 Qc7 15.
Rad1 c5 16. Qc3 h4 17. Rd2 h3 18. Bh1 Rg8 19. Rfd1 b6 20. Kf1 Bb7 21. f3 exf3
22. exf3 Rd8 23. Rxd8+ Bxd8 24. Ke2 Be7 25. b3 Kf7 26. Bc1 Bc6 27. Bb2 Rd8 28.
Rxd8 Qxd8 29. Qd3 Qxd3+ 30. Kxd3 Kg6 31. Bc1 Bf8 32. Bxg5 Bxf3 33. Bxf3 Kxg5 34.
Be2 Bg7 35. Bf1 Kg4 36. Be2+ Kg5 37. Bf1 Bxe5 38. Bxh3 Bd4 39. Bg2 e5 40. h3 Bf2
41. g4 Kf4 42. gxf5 Kxf5 1/2-1/2

[Event "6th Prague Challengers"]
[Site "Prague CZE"]
[Date "2024.03.06"]
[Round "8.5"]
[White "Rodshtein, Maxim"]
[Black "Hrbek, Stepan"]
[Result "0-1"]
[WhiteTitle "GM"]
[BlackTitle "IM"]
[WhiteElo "2590"]
[BlackElo "2426"]
[WhiteFideId "2806851"]
[BlackFideId "393479"]
[EventDate "2024.02.27"]

1. e4 e5 2. Nf3 Nc6 3. Bc4 Nf6 4. d3 h6 5. O-O d6 6. c3 g5 7. Nbd2 Bg7 8. Bb3 a5
9. Nc4 O-O 10. Ne3 Ne7 11. h3 Ng6 12. Nh2 Nf4 13. a4 h5 14. Re1 Bd7 15. Nhf1 Qc8
16. Ng3 Bxh3 17. Ngf5 Bxf5 18. Nxf5 Kh7 19. g3 Ne6 20. Kg2 Bh6 21. Rh1 Ng7 22.
Nxh6 Kxh6 23. d4 Kg6 24. Qd2 Nxe4 25. Qe3 Qg4 26. Bc2 d5 27. Qe1 Qe6 28. f3 f5
29. fxe4 fxe4 30. Qe3 Rf5 31. Bd2 exd4 32. cxd4 Raf8 33. Raf1 Qf6 34. Rxf5 Nxf5
35. Qe2 h4 36. Rf1 Ne3+ 37. Bxe3 Qxf1+ 38. Qxf1 h3+ 39. Kxh3 Rxf1 40. Kg4 c6 41.
b3 b6 42. Bxg5 Rh1 43. Be3 Kf6 44. Bd2 Rf1 45. Be3 Ke6 46. Kh3 Re1 47. Bf4 c5
48. dxc5 bxc5 49. Kg4 d4 50. b4 cxb4 51. Bb3+ Kd7 52. Kf5 e3 53. Be6+ Kc6 54.
Ke4 e2 55. Kd3 b3 56. Bxb3 Rb1 57. Kxe2 Rxb3 58. g4 Kd5 59. g5 Ke4 60. Bd2 d3+
61. Kf2 Rb2 62. Ke1 Rb1+ 63. Kf2 Rb2 64. Ke1 Kf3 65. Bc3 Re2+ 66. Kd1 Ke3 67.
Bxa5 Rb2 0-1

[Event "6th Prague Challengers"]
[Site "Prague CZE"]
[Date "2024.03.07"]
[Round "9.1"]
[White "Korobov, Anton"]
[Black "Gurel, Ediz"]
[Result "0-1"]
[WhiteTitle "GM"]
[BlackTitle "IM"]
[WhiteElo "2666"]
[BlackElo "2560"]
[WhiteFideId "14105730"]
[BlackFideId "44507356"]
[EventDate "2024.02.27"]

1. f4 d5 2. Nf3 c5 3. g3 Nc6 4. Bg2 g6 5. O-O Bg7 6. d3 Nf6 7. Qe1 d4 8. c3 O-O
9. Na3 Be6 10. Bd2 Qd7 11. Ng5 Bf5 12. Nc4 h6 13. Nf3 Bh3 14. Nce5 Nxe5 15. fxe5
dxc3 16. bxc3 Nd5 17. Bxh3 Qxh3 18. Qf2 Rac8 19. c4 Nb6 20. Rab1 Rc7 21. Ba5 Qe6
22. Rb5 Rfc8 23. h4 Rc6 24. Kg2 a6 25. Rb3 Nd7 26. d4 cxd4 27. Nxd4 Qxc4 28. e6
Qd5+ 29. Qf3 Qxd4 30. exd7 Qxd7 31. Qxf7+ Kh7 32. Rd3 Qe6 33. Rf2 Qe4+ 34. Qf3
Qa4 35. Bd8 Qxa2 36. Bxe7 Qe6 37. Bb4 h5 38. Re3 Qc4 39. Re4 Qd5 40. Re7 Qxf3+
41. Rxf3 R8c7 42. Rff7 Rxe7 43. Rxe7 b5 44. Ra7 Kg8 45. Ra8+ Kf7 46. Ra7+ Kf6
47. Kf3 Bh6 48. e3 g5 49. Be7+ Kg6 50. Ke4 gxh4 51. Bxh4 Re6+ 52. Kd5 Bxe3 53.
Ra8 Kf7 54. Rd8 Rb6 55. Ke4 Bh6 56. Kf5 Rb7 57. Rd6 Bg7 58. Bf6 b4 59. Bxg7 Kxg7
60. Rg6+ Kh7 61. Rxa6 b3 62. Ra1 b2 63. Rb1 Kg7 0-1

[Event "6th Prague Challengers"]
[Site "Prague CZE"]
[Date "2024.03.07"]
[Round "9.2"]
[White "L'Ami, Erwin"]
[Black "Mishra, Abhimanyu"]
[Result "1/2-1/2"]
[WhiteTitle "GM"]
[BlackTitle "GM"]
[WhiteElo "2636"]
[BlackElo "2627"]
[WhiteFideId "1007998"]
[BlackFideId "30920019"]
[EventDate "2024.02.27"]

1. d4 d5 2. c4 c6 3. Nc3 Nf6 4. cxd5 cxd5 5. Bf4 Nc6 6. e3 a6 7. Bd3 Bg4 8. Nge2
e6 9. h3 Bxe2 10. Qxe2 Bd6 11. Bg5 O-O 12. O-O h6 13. Bh4 Be7 14. Bg3 Bd6 15. f4
Ne8 16. Rad1 f5 17. Be1 Nf6 18. Bh4 Qd7 19. Bxf6 Rxf6 20. g4 g6 21. Kh1 Kh8 22.
Rg1 Rg8 23. Rg2 Qh7 24. gxf5 gxf5 25. Rdg1 Rfg6 26. Qh5 Rxg2 27. Rxg2 Rxg2 28.
Kxg2 Ne7 29. Na4 Qg8+ 30. Kf2 Kg7 31. Qd1 Qc8 32. Be2 Qc7 33. Nc3 Kf6 34. Bh5
Nc6 35. Ne2 Na5 36. Qg1 Qg7 37. Ng3 Qf8 38. Be2 Nc6 39. Qc1 Ne7 40. Qd1 Qc8 41.
Bd3 Kg7 42. Qh5 Qf8 43. Qd1 Qc8 44. a3 Ng8 45. Nh5+ Kf7 46. Qc2 1/2-1/2

[Event "6th Prague Challengers"]
[Site "Prague CZE"]
[Date "2024.03.07"]
[Round "9.3"]
[White "Vaishali, Rameshbabu"]
[Black "Santos Latasa, Jaime"]
[Result "1/2-1/2"]
[WhiteTitle "IM"]
[BlackTitle "GM"]
[WhiteElo "2481"]
[BlackElo "2612"]
[WhiteFideId "5091756"]
[BlackFideId "2293307"]
[EventDate "2024.02.27"]

1. e4 c5 2. Nc3 Nc6 3. Nf3 g6 4. Bb5 e5 5. d3 d6 6. O-O Bg7 7. Nd5 a6 8. Bc4 h6
9. c3 b5 10. Bb3 Nge7 11. Be3 O-O 12. a4 Rb8 13. axb5 axb5 14. Nxe7+ Nxe7 15. d4
exd4 16. cxd4 c4 17. Bc2 f5 18. d5 fxe4 19. Bxe4 Bf5 20. Qc2 Bxe4 21. Qxe4 Nf5
22. Nd4 Bxd4 23. Bxd4 Re8 24. Qg4 Qg5 25. Qxg5 hxg5 26. Ba7 Rb7 27. Ra6 Ra8 28.
Rfa1 b4 29. g4 Ne7 30. Be3 Rxa6 31. Rxa6 b3 32. Bd4 Nxd5 33. Rxd6 Nf4 34. Kf1
Kf7 35. Rc6 Rd7 36. Rxc4 Ke6 37. Ke1 Kd5 38. Ra4 Ke4 39. Be3+ Kf3 40. Bxf4 gxf4
41. Rb4 g5 42. Rxb3+ Kg2 43. f3 Re7+ 44. Kd2 Rd7+ 45. Kc2 Rc7+ 46. Kd2 Rd7+ 47.
Kc2 Rc7+ 48. Kd2 1/2-1/2

[Event "6th Prague Challengers"]
[Site "Prague CZE"]
[Date "2024.03.07"]
[Round "9.4"]
[White "Stalmach, Richard"]
[Black "Rodshtein, Maxim"]
[Result "1/2-1/2"]
[WhiteTitle "IM"]
[BlackTitle "GM"]
[WhiteElo "2434"]
[BlackElo "2590"]
[WhiteFideId "372048"]
[BlackFideId "2806851"]
[EventDate "2024.02.27"]

1. d4 Nf6 2. c4 e6 3. g3 d5 4. Bg2 Be7 5. Nf3 O-O 6. O-O c6 7. b3 a5 8. Bb2 b6
9. Qc2 Nbd7 10. Nbd2 Bb7 11. e4 a4 12. e5 Ne8 13. cxd5 cxd5 14. bxa4 Qc7 15. Qb3
Bc6 16. Rfc1 Qb7 17. Ba3 Bxa4 18. Qb2 Bxa3 19. Qxa3 Nc7 20. Qd6 Rfc8 21. Bf1 Na6
22. Bd3 Ndc5 23. Bxa6 Nxa6 24. Rab1 b5 25. Ne1 b4 26. Rxc8+ Qxc8 27. Nd3 Qc2 28.
Nxb4 Qxd2 29. Nxa6 h6 30. Qb4 Qxa2 31. Nc5 Bc2 32. Rc1 Bf5 33. h4 Kh7 34. Nd7
Be4 35. Qe7 Kg8 36. h5 Qb2 37. Qc5 Kh7 38. Qc7 g5 39. Nf6+ Kg7 40. Nxe4 dxe4 41.
Qc3 Qxc3 42. Rxc3 Ra4 43. Re3 Rxd4 44. g4 f5 45. Ra3 e3 46. Ra7+ Kf8 47. fxe3
Rxg4+ 48. Kf2 Rh4 49. Ra6 Ke7 50. Ra7+ Kd8 51. e4 fxe4 52. Ra8+ Kd7 53. Ra7+ Kc6
54. Ke3 Rxh5 55. Ra6+ Kd5 56. Ra5+ Kc4 57. Ra6 Rh3+ 58. Kxe4 Rh4+ 59. Ke3 Kd5
60. Ra5+ Kc6 61. Ra6+ Kd7 62. Ra7+ Ke8 63. Rh7 Kf8 64. Kf3 h5 65. Kg2 Kg8 66.
Re7 Rg4+ 67. Kh3 Re4 68. Rxe6 Kg7 69. Kg3 Rg4+ 70. Kh3 Rf4 71. Ra6 Re4 72. Re6
Re3+ 73. Kg2 h4 74. Kf2 Re4 75. Kf3 Rf4+ 76. Kg2 Kf7 77. Ra6 Re4 78. Kh3 Kg7 79.
Rb6 Rf4 80. Ra6 Rf3+ 81. Kg4 Rg3+ 82. Kf5 h3 83. Ra7+ Kg8 84. Ra8+ Kf7 85. e6+
Ke7 86. Ra7+ Kd6 87. Rd7+ Kc6 88. Rd2 Re3 89. Kxg5 Rxe6 90. Rh2 Re3 91. Kg4 Kd5
92. Rxh3 Rxh3 93. Kxh3 1/2-1/2

[Event "6th Prague Challengers"]
[Site "Prague CZE"]
[Date "2024.03.07"]
[Round "9.5"]
[White "Hrbek, Stepan"]
[Black "Finek, Vaclav"]
[Result "1/2-1/2"]
[WhiteTitle "IM"]
[BlackTitle "IM"]
[WhiteElo "2426"]
[BlackElo "2429"]
[WhiteFideId "393479"]
[BlackFideId "23718293"]
[EventDate "2024.02.27"]

1. e4 e5 2. Nf3 Nf6 3. d4 Nxe4 4. Bd3 d5 5. Nxe5 Nd7 6. Nc3 Nxc3 7. bxc3 Nxe5 8.
dxe5 Bc5 9. O-O O-O 10. Qh5 g6 11. Qh6 Re8 12. Bg5 Bf8 13. Bxd8 Bxh6 14. Bxc7
Bf5 15. Rad1 Rac8 16. Bb5 Re6 17. Bd6 Rxc3 18. Rxd5 Rxc2 19. Bd7 Rxa2 20. Bxe6
Bxe6 21. Rc5 Bd2 22. h4 Kg7 23. Be7 Ba5 24. Rfc1 a6 25. R5c2 Ra4 26. f3 Rd4 27.
g4 Bd8 28. Bxd8 Rxd8 29. Rc7 Rd5 30. R1c5 Rd3 31. Rc3 Rd1+ 32. Kf2 Rb1 33. Re7
Kf8 34. Rcc7 Rb5 35. Rxb7 Rxe5 36. Rec7 a5 37. Rb8+ Kg7 38. Ra7 Rc5 39. Ke3 h6
40. Rba8 Rc3+ 41. Ke4 Bb3 42. Rd8 a4 43. Kf4 Rc4+ 44. Kg3 Rc5 45. f4 Rc3+ 46.
Kg2 Rc2+ 47. Kf3 Rc3+ 48. Ke2 Rc2+ 49. Ke3 Rc3+ 50. Kd2 Rc4 51. Ke3 Rc3+ 52. Rd3
Rxd3+ 53. Kxd3 Bd1 54. Ke4 Bxg4 55. Rxa4 h5 56. Ra5 Kf6 57. Ra6+ Kg7 58. Ke5 Bh3
59. Rf6 Bg4 60. Rd6 Bh3 61. Rd5 Bg4 62. Rd3 Bf5 63. Rd6 Bh3 64. Kd5 Kf8 65. Kc6
Ke7 66. Kc7 Be6 67. Ra6 Bg4 68. Ra5 Bh3 69. Re5+ Be6 70. Kc6 Kf6 71. Kd6 Bg4 72.
Kc7 Be6 73. Kd8 Bg4 74. Ke8 Bf5 75. Kd8 Be6 76. Kc7 Bg4 77. Kc6 Bf5 78. Kd5 Bh3
79. Ke4 Bg2+ 80. Kd4 Bh3 81. Ra5 Be6 82. Ke4 Bg4 83. Ra6+ Kg7 84. Ke5 Bh3 85.
Rc6 Bg4 86. Kd4 Kf8 87. Rd6 Bf5 88. Kd5 Bg4 89. Rb6 Kg7 90. Kc5 Bf5 91. Kb5 Bg4
92. Rd6 Kf8 93. Kc5 Ke7 94. Kd5 Be6+ 1/2-1/2